000 00771nam a2200229Ia 4500
001 12482
003 GE_BSU
008 181216s||||||||xx |||||||||||||| ||und||
020 _a5100004053
040 _cGE_BSU
080 _a634.6(075.8)+633.5/8
100 _aМикеладзе, А.Д.
245 _aСубтропические плодовые и технические культуры
245 _bУч. пособ. для средних профес.-технич. училищ.
245 _cРед.И.А.Кузина
260 _aМосква
260 _bАгропромиздат
260 _c1988
300 _a287стр.21см.
653 _aСубтропические плодовые и технические культуры
942 _cBK
999 _c45656
_d45656